| 000 | 00681nam a22001217a 4500 | ||
|---|---|---|---|
| 040 | _cRUA | ||
| 082 | _aLMA KHE 2025 B701 Or.1 | ||
| 100 | _aKHEN SOMNANG, ខែន សំណាង | ||
| 245 | _aStudying the changes in building construction using gis and remote sensing in dangkao district, phnom penh, សិក្សាអំពីបម្រែបម្រួលនៃការកើនឡងសំណង់អគារដោយប្រើប្រាស់ GIS និងREMOTE SENSING ស្ថិតក្នុងខណ្ឌដង្កោ រាជធានីភ្នំពេញ | ||
| 260 |
_aPHNOM PENH _bRUA _c2025 |
||
| 300 |
_axiii,59p. _bill. _c29cm. |
||
| 942 | _cLMA | ||
| 999 |
_c25757 _d25757 |
||